<?xml version="1.0" encoding="UTF-8"?>
<marc:record xmlns:marc="http://www.loc.gov/MARC21/slim">
   <marc:leader>00000nam a2200000 a 4500</marc:leader>
   <marc:datafield ind1="1" ind2=" " tag="100">
      <marc:subfield code="a">Archer, Jeffrey</marc:subfield>
      <marc:subfield code="4">aut</marc:subfield>
      <marc:subfield code="e">Verfasser/-in</marc:subfield>
   </marc:datafield>
   <marc:datafield ind1="0" ind2="0" tag="245">
      <marc:subfield code="a">Die Clifton-Saga</marc:subfield>
   </marc:datafield>
   <marc:datafield ind1="0" ind2="0" tag="245">
      <marc:subfield code="b">Gesamtausgabe : Band 1-7</marc:subfield>
   </marc:datafield>
   <marc:datafield ind1=" " ind2="1" tag="264">
      <marc:subfield code="b">Random House Audio</marc:subfield>
      <marc:subfield code="c">2017</marc:subfield>
   </marc:datafield>
   <marc:datafield ind1="1" ind2=" " tag="520">
      <marc:subfield code="a">Die Wege der Familien Clifton und Barrington sind über viele Jahrzehnte und Generationen schicksalhaft miteinander verbunden. Harry Clifton wird in den 1920er Jahren in Bristol geboren, wo er in einfachen Verhältnissen aufwächst. Als er ein Stipendium für eine Eliteschule erhält, ändert sich sein Leben von Grund auf. Dort lernt er Giles und Emma Barrington kennen, die Erben einer Schifffahrtsdynastie, mit denen ihn Freundschaft und Liebe verbinden wird. Doch die Beziehung zwischen Harry und Emma steht unter keinem guten Stern und die Zukunft ist ungewiss ...
Ein großes Epos, gelesen von einer großen Stimme: Erich Räuker macht die "Clifton-Saga" zum Ohrenschmaus.</marc:subfield>
   </marc:datafield>
   <marc:datafield ind1="3" ind2=" " tag="024">
      <marc:subfield code="a">9783837140996</marc:subfield>
   </marc:datafield>
</marc:record>
